| 000 | 03983namaa22004211i 4500 | ||
|---|---|---|---|
| 003 | OSt | ||
| 005 | 20260511130458.0 | ||
| 008 | 250827s2025 ua a|||frm||| 000 0 eng d | ||
| 040 |
_aEG-GICUC _bara _cEG-GICUC _dEG-GICUC _erda |
||
| 041 | 0 |
_aara _bara _beng |
|
| 049 | _aإيداع | ||
| 082 | 0 | 4 | _a189.1 |
| 092 |
_a189.1 _221 |
||
| 097 | _aمــــاجستير | ||
| 099 | _aCai01.06.06.M.Sc.2025.مح.م | ||
| 100 | 0 |
_a،محمد سلامة أبو شعيشع _eإعداد. |
|
| 245 | 1 | 0 |
_aمنهجُ دراسة الأديان بين محيي الدِّين الأصفهاني ت.722 هـ وشمس الدين الدمشقي ت.727 هـ : _bدراسة تحليلية مقارنة / _cإعداد محمد سلامة أبو شعيشع؛ إشراف أ.د.محمد عبد الله الشرقاوي، د.هدى فريد جمال. |
| 246 | 1 | 5 |
_aThe method of studying religions between muhyi al-din al-asfahani d. 722 ah and shams al-din al-dimashqi d. 727 ah : _bComparative analytical study / |
| 264 | 0 | _c2025. | |
| 300 |
_a312 صفحة : _bإيضاحيات ؛ _c30 سم. + _eCD. |
||
| 336 |
_atext _2rda content |
||
| 337 |
_aUnmediated _2rdamedia |
||
| 338 |
_avolume _2rdacarrier |
||
| 502 | _aأطروحة (ماجستير)-جامعة القاهرة، 2025. | ||
| 504 | _aببليوجرافيا: صفحات 291-305. | ||
| 520 | _aتناولت الدراسة بالبحث والمناقشة منهج عالمين من علماء الإسلام في الفترة ما بين (650هـ- 727هـ) فيما يتعلق بآرائهما في بعضٍ من أهم قضايا الأديان في عصرهما، كإثبات النبوة المحمدية. كما تتناول الرسالة أيضًا التأكيد على إفراد الله تعالى بالتوحيد، والاعتقاد بنُبوَّة المسيح عيسى بن مريم عليهما السلام، وبشريته، ورفض الاعتقاد القائل بالثالوث المسيحي (الأب، الابن، الروح القدس)، والكشف بالدراسة والتحليل عن مدى أصالة العهدين القديم والجديد، ببيان وقوع التبديل والتحريف للكتاب المنزل على موسى عليه السلام، ونفي الإلهية عن الأناجيل الأربعة، وعن دور بولس الرسولي فيما آلت إليه المسيحية من أفكار وعقائد، إضافة إلى ما أثارته الرسالة القبرصية من مواضيع وشبهاتٍ أجاب عنها الشمس الدمشقي، وغير ذلك من قضايا. | ||
| 520 | _aThe study focused on the methodology of two Islamic scholars from the period between (650 AH - 727 AH), examining their views on some of the most essential issues related to religions in their era. Among these issues is the proof of the prophethood of Muhammad, highlighting the biblical prophecies concerning him (peace be upon him) and the discussions surrounding these textual references. It also emphasizes that the message of Muhammad is universal, not limited by gender or region and that it supersedes previous heavenly laws. | ||
| 530 | _aصدر أيضًا كقرص مدمج. | ||
| 546 | _aالنص بالعربية والملخص باللغة الإنجليزية والعربية. | ||
| 650 | 7 |
_aالفلسفة الإسلامية _2qrmak |
|
| 653 | 0 |
_aالمنهج الأديان _aمحيي الدين الأصفهاني _aشمس الدين الدمشقي |
|
| 700 | 0 |
_aمحمد عبد الله الشرقاوي _eمشرف أطروحة. |
|
| 700 | 0 |
_aهدى فريد جمال _eمشرف أطروحة. |
|
| 900 |
_b15-05-2025 _cمحمد عبد الله الشرقاوي _cهدى فريد جمال _dمختار عطا الله _dعادل أمين _Uجامعة القاهرة _Fكلية دار العلوم _Dقسم الفلسفة الإسلامية |
||
| 905 | _aSara | ||
| 942 |
_2ddc _cTH _e21 _n0 |
||
| 999 | _c180104 | ||